000 00588cam a2200169 4500
005 20170227122033.0
008 170227b mx ||||| |||| 00| 0 spa d
050 0 4 _aE123
_bR63 [1990]
100 1 _aRodríguez Prampolini, Ida
245 1 0 _aAmadises de América :
_bhazaña de las Indias como empresa caballeresca /
_cIda Rodríguez Prampolini.
250 _a1a ed.
260 _a[México] :
_bAcademia mexicana de la historia,
_c[1990]
300 _a203 p. ;
_c21 cm.
504 _aBibliografía: p. 197-203
651 7 _2LEMB
_aAmérica
_xDescubrimiento y exploración
942 _2lcc
_cLIB
999 _c73049
_d73049